| 000 | 00989cam a2200289 a 4500 | ||
|---|---|---|---|
| 001 | 12490406 | ||
| 003 | NUST | ||
| 005 | 20210902094107.0 | ||
| 008 | 010801s1992 pk a 000 0 eng | ||
| 010 | _a 2001535089 | ||
| 038 | _aArshad | ||
| 040 |
_aDLC _cDLC _dDLC |
||
| 043 | _aa-pk--- | ||
| 050 | 0 | 0 |
_aN7310.7 _b.D37 1992 |
| 082 | 0 | 0 |
_a731.889430934 _bDAN |
| 100 | 1 |
_aDani, Ahmad Hasan. _93723 |
|
| 245 | 1 | 0 |
_aGandhara art in Pakistan / _cA.H. Dani. |
| 260 |
_aIslamabad, Pakistan : _bDept. of Films & Publications, Ministry of Information & Media Development, _c1992 |
||
| 300 |
_a48 p. : _bill. (some col.) ; _c24 cm. |
||
| 563 | _aHBK | ||
| 650 | 0 |
_aArt, Gandhara _zPakistan. _95487 |
|
| 650 | 0 |
_aBuddhist art _zPakistan. _95488 |
|
| 906 |
_a7 _bcbc _corignew _d2 _encip _f20 _gy-gencatlg |
||
| 942 |
_2ddc _cBK |
||
| 999 |
_c586363 _d586363 |
||